Guess the 1970s song lyrics #169 - Statistics

General Stats
  • This quiz has been taken 25 times
  • The average score is 214 of 312
Answer Stats
Answer % Correct
a
90%
can
90%
hear
90%
I
90%
On
90%
on
90%
the
90%
You
90%
you
90%
again
86%
and
86%
And
86%
be
86%
go
86%
in
86%
road
86%
so
86%
am
81%
Here
81%
here
81%
night
81%
of
81%
there
81%
There
81%
Up
81%
When
81%
it
76%
like
76%
stage
76%
to
76%
your
76%
you're
76%
do
71%
from
71%
highway
71%
long
71%
one
71%
can't
67%
Oh
67%
that
67%
they
67%
as
62%
As
62%
away
62%
don't
62%
Every
62%
Is
62%
is
62%
just
62%
way
62%
what
62%
all
57%
All
57%
day's
57%
last
57%
lonesome
57%
man
57%
nothin
57%
or
57%
out
57%
Out
57%
page
57%
play
57%
Playin
57%
song
57%
star
57%
Turn
57%
With
57%
about
52%
always
52%
But
52%
but
52%
give
52%
head
52%
knew
52%
make
52%
she
52%
talk
52%
think
52%
times
52%
want
52%
Well
52%
will
52%
woman
52%
before
48%
cold
48%
east
48%
feel
48%
girl
48%
into
48%
Omaha
48%
other
48%
was
48%
yeah
48%
miles
43%
million
43%
old
43%
ridin
43%
soon
43%
there's
43%
upon
43%
walk
43%
wish
43%
Ah
38%
awake
38%
bed
38%
cigarette
38%
dare
38%
doesn't
38%
em
38%
evening
38%
lie
38%
listen
38%
outnumbered
38%
restaurant
38%
said
38%
seem
38%
smoke
38%
spotlight
38%
strung
38%
through
38%
trip
38%
amplifiers
33%
body
33%
bother
33%
cliches
33%
echoes
33%
energy
33%
engine
33%
explode
33%
his
33%
hours
33%
much
33%
music
33%
off
33%
ounce
33%
pours
33%
rememberin
33%
ringin
33%
same
33%
sixteen
33%
stand
33%
sweat
33%
thoughts
33%
try
33%
wanderin
33%
eyes
29%
Later
29%
pretend
29%
shakin
29%
Most
24%
moanin
19%
note
5%
No matching quizzes found
Score Distribution
Percent of People with Each Score
Percentile by Number Answered
Your Score History
You have not taken this quiz